[Event "XXXVIII Festival A"]
[Site "Imperia ITA"]
[Date "1996.09.??"]
[Round "9"]
[White "Ventura, Boris"]
[Black "Kucera, Petr"]
[WhiteElo "2190"]
[BlackElo "2330"]
[Result "1/2-1/2"]
[PlyCount "56"]
[EventDate "1996.09.01"]

1. e4 Nf6 2. e5 Nd5 3. d4 d6 4. Nf3 Nc6 5. c4 Nb6 6. exd6 exd6 7. d5 Ne5 8. b3
Bg4 9. Bb2 Bxf3 10. gxf3 Qe7 11. Bxe5 Qxe5+ 12. Qe2 Qxe2+ 13. Bxe2 g6 14. Nd2
Bg7 15. Rc1 O-O 16. O-O Bh6 17. Rcd1 Bxd2 18. Rxd2 Rfe8 19. Rfd1 Nd7 20. Kg2
Kg7 21. f4 Re7 22. Bf3 Rae8 23. Kg3 Nf6 24. Rd4 Ne4+ 25. Bxe4 Rxe4 26. Rxe4
Rxe4 27. Kf3 Re8 28. Rd3 Kf6 1/2-1/2

[Event "XXXVIII Festival A"]
[Site "Imperia ITA"]
[Date "1996.09.??"]
[Round "9"]
[White "Wagman, Stuart"]
[Black "Botta, Tibor"]
[WhiteElo "2195"]
[BlackElo "2215"]
[Result "1/2-1/2"]
[PlyCount "86"]
[EventDate "1996.09.01"]

1. e4 e6 2. d4 d5 3. Nd2 dxe4 4. Nxe4 Bd7 5. Nf3 Bc6 6. Bd3 Nd7 7. O-O Ngf6 8.
Qe2 Nxe4 9. Bxe4 Bxe4 10. Qxe4 c6 11. Bd2 Nf6 12. Qe2 Be7 13. c4 O-O 14. Bc3
Qc7 15. Rac1 Rad8 16. Rfe1 Rfe8 17. b4 Qb6 18. Rb1 Kf8 19. Ne5 Qc7 20. Qf3 Bd6
21. Qh3 Kg8 22. Re3 Qe7 23. f4 Nd7 24. Nd3 Qf6 25. Rbe1 Rf8 26. Bb2 Qf5 27. Qf3
Nf6 28. h3 h5 29. Ne5 Bxb4 30. g4 Qh7 31. R1e2 h4 32. Rb3 Bd6 33. Rxb7 Qb1+ 34.
Kg2 Qxa2 35. Qxc6 Rb8 36. Rxb8 Rxb8 37. Qxd6 Rxb2 38. Rxb2 Qxb2+ 39. Kf3 Qc3+
40. Ke2 Qc2+ 41. Ke1 Qc1+ 42. Ke2 Qc2+ 43. Ke1 Qc1+ 1/2-1/2

[Event "XXXVIII Festival A"]
[Site "Imperia ITA"]
[Date "1996.09.??"]
[Round "9"]
[White "Welker, Michael"]
[Black "Luciani, Carlo"]
[WhiteElo "2085"]
[BlackElo "2290"]
[Result "1/2-1/2"]
[PlyCount "114"]
[EventDate "1996.09.01"]

1. c4 Nf6 2. Nc3 d6 3. d4 Nbd7 4. e4 e5 5. Nf3 Be7 6. Be2 O-O 7. O-O c6 8. h3
a6 9. Be3 b5 10. a3 Re8 11. Qc2 Bf8 12. Rfd1 Bb7 13. Rac1 Rc8 14. Qb1 Qe7 15.
Bg5 h6 16. Bh4 g6 17. dxe5 Nxe5 18. Nxe5 Qxe5 19. Bxf6 Qxf6 20. Bg4 Rb8 21.
cxb5 axb5 22. Qd3 Ba8 23. b4 h5 24. Bf3 Bb7 25. Ne2 Ra8 26. Nd4 Ra6 27. a4 bxa4
28. b5 cxb5 29. Qxb5 Qe7 30. Nc6 Rxc6 31. Rxc6 a3 32. Rb6 Bxe4 33. Bxe4 Qxe4
34. Rb8 Rxb8 35. Qxb8 Kg7 36. Qb3 Qa8 37. Ra1 d5 38. Qa2 d4 39. Rd1 Qe4 40. Qd2
Be7 41. Qxd4+ Qxd4 42. Rxd4 Bf6 43. Ra4 Bb2 44. Kf1 g5 45. g4 hxg4 46. hxg4 Kf6
47. Ke2 Ke5 48. Kd3 Bc1 49. Kc2 Bb2 50. f3 f6 51. Kd3 Bc1 52. Re4+ Kd5 53. Kc2
Bb2 54. Kb3 Bc1 55. Re1 Bb2 56. Re4 Bc1 57. Re1 Bb2 1/2-1/2

[Event "XXXVIII Festival A"]
[Site "Imperia ITA"]
[Date "1996.09.??"]
[Round "9"]
[White "Wohl, Aleksandar H."]
[Black "Mocchi, Tullio"]
[WhiteElo "2400"]
[BlackElo "2161"]
[Result "1/2-1/2"]
[PlyCount "133"]
[EventDate "1996.09.01"]

1. Nf3 Nf6 2. c4 c5 3. Nc3 b6 4. e4 Bb7 5. e5 Ng8 6. Bd3 Nc6 7. O-O g6 8. Re1
Bg7 9. Be4 Qb8 10. d4 cxd4 11. Nb5 a6 12. Nbxd4 e6 13. Nxc6 dxc6 14. Qb3 b5 15.
Bg5 h6 16. Bf6 Nxf6 17. exf6 Bxf6 18. cxb5 cxb5 19. Bxg6 O-O 20. Be4 Rd8 21. g3
Ra7 22. Re2 Bg7 23. Rae1 Bd5 24. Bxd5 Rxd5 25. Qb4 Qd6 26. Qg4 Kh8 27. Rc2 Rc7
28. Ree2 Rxc2 29. Rxc2 Rc5 30. Rxc5 Qxc5 31. Qf4 Kg8 32. Qd2 Qf5 33. Kg2 Qb1
34. b3 Qb2 35. Qd8+ Bf8 36. Qa5 Bc5 37. Qd2 Qxd2 38. Nxd2 Bb4 39. Nf1 Kg7 40.
f4 h5 41. Kf3 f5 42. Ke3 Kf6 43. Kd4 Ke7 44. Kd3 Kd6 45. Nd2 Bc5 46. Nf3 Kd5
47. Ke2 Bb6 48. Ng5 Bd8 49. Nh3 Bb6 50. Kd3 Bc5 51. Ng5 Be7 52. Nf3 Bf6 53. Ng1
Bg7 54. Ne2 Bf6 55. Ng1 Bg7 56. Nf3 Bf6 57. Ne1 Be7 58. Nc2 Bc5 59. Ne3+ Bxe3
60. Kxe3 b4 61. Kd3 Kc5 62. h3 Kd5 63. Ke3 a5 64. Kd3 Kc5 65. Ke3 Kd5 66. Kd3
Kc5 67. Ke3 1/2-1/2

[Event "XXXVIII Festival A"]
[Site "Imperia ITA"]
[Date "1996.09.??"]
[Round "9"]
[White "Zlochevskij, Alexander"]
[Black "Nurkic, Sahbaz"]
[WhiteElo "2415"]
[BlackElo "2405"]
[Result "1-0"]
[PlyCount "57"]
[EventDate "1996.09.01"]

1. d4 g6 2. e4 Bg7 3. Nc3 c6 4. Bc4 d5 5. exd5 b5 6. Be2 b4 7. Na4 cxd5 8. a3
bxa3 9. Rxa3 Nf6 10. Nf3 O-O 11. O-O Nbd7 12. Bf4 Ne4 13. Bd3 Bb7 14. Qe2 Re8
15. Nc3 Nxc3 16. Rxc3 e5 17. dxe5 d4 18. Rb3 Nc5 19. Rxb7 Nxb7 20. Bb5 Re6 21.
Bc4 Re8 22. Rd1 Nd6 23. Bb3 Nf5 24. g4 Nh4 25. Bxf7+ Kxf7 26. Qc4+ Kf8 27. Ng5
Re7 28. Nxh7+ Ke8 29. Qg8+ 1-0

[Event "Torneo Stage"]
[Site "Porto San Giorgio ITA"]
[Date "1996.08.??"]
[Round "?"]
[White "Borgo, Giulio"]
[Black "Dorighet, Claudio"]
[Result "1-0"]
[WhiteElo "2400"]
[BlackElo "1969"]
[PlyCount "53"]
[EventDate "1996.08.28"]

1. e4 c5 2. Nf3 d6 3. c3 Nf6 4. Be2 g6 5. O-O Bg7 6. Re1 Nc6 7. d4 O-O 8. Nbd2
cxd4 9. cxd4 e5 10. d5 Ne7 11. a4 Ne8 12. a5 Bh6 13. a6 b6 14. Qb3 f5 15. Nxe5
dxe5 16. d6+ Kh8 17. dxe7 Qxe7 18. Bc4 Nd6 19. Bd5 Rb8 20. Qb4 Be6 21. Nc4 Bxc1
22. Raxc1 Rbd8 23. Nxe5 fxe4 24. Nc6 Qf6 25. Bxe6 Qxe6 26. Nxd8 Rxd8 27. Rcd1
1-0

[Event "Torneo Stage"]
[Site "Porto San Giorgio ITA"]
[Date "1996.08.??"]
[Round "?"]
[White "Borgo, Giulio"]
[Black "Lochte, Thomas"]
[Result "1-0"]
[WhiteElo "2400"]
[BlackElo "2220"]
[PlyCount "53"]
[EventDate "1996.08.28"]

1. e4 e5 2. Nf3 Nc6 3. Bb5 Nd4 4. Nxd4 exd4 5. O-O Bc5 6. Qh5 Qe7 7. d3 Nf6 8.
Qh4 c6 9. Ba4 d6 10. Nd2 g5 11. Qg3 Nh5 12. Qf3 g4 13. Qd1 Qh4 14. a3 Rg8 15.
b4 Bb6 16. b5 Be6 17. bxc6 O-O-O 18. cxb7+ Kb8 19. g3 Qh3 20. Nc4 Bc7 21. Bc6
d5 22. e5 f5 23. exf6 Rg6 24. Qe2 Nf4 25. Bxf4 Bxf4 26. gxf4 Rh6 27. Qe5+ 1-0

[Event "Torneo Stage"]
[Site "Porto San Giorgio ITA"]
[Date "1996.08.??"]
[Round "?"]
[White "Borgo, Giulio"]
[Black "Punteri, Marco"]
[Result "1-0"]
[WhiteElo "2400"]
[BlackElo "1786"]
[PlyCount "43"]
[EventDate "1996.08.28"]

1. e4 g6 2. d4 Bg7 3. c3 d5 4. e5 c5 5. h3 Nc6 6. Nf3 cxd4 7. cxd4 Nh6 8. Nc3
O-O 9. Bf4 f6 10. exf6 Rxf6 11. Be5 Nxe5 12. dxe5 Re6 13. Nxd5 Bxe5 14. Bc4 b5
15. O-O Rd6 16. Nxe5 bxc4 17. Nc6 Qd7 18. Ncxe7+ Kf8 19. Qf3+ Nf7 20. Nxc8 Rxd5
21. Qa3+ Nd6 22. Nb6 1-0

[Event "Torneo Stage"]
[Site "Porto San Giorgio ITA"]
[Date "1996.08.??"]
[Round "?"]
[White "Cacco, Christian"]
[Black "Borgo, Giulio"]
[Result "0-1"]
[WhiteElo "1687"]
[BlackElo "2400"]
[PlyCount "80"]
[EventDate "1996.08.28"]

1. d4 d5 2. Nf3 e6 3. c4 c6 4. Nc3 Nf6 5. Bg5 h6 6. Bh4 dxc4 7. e4 g5 8. Bg3
Bb4 9. Qc2 g4 10. Nd2 Qxd4 11. Rd1 Nbd7 12. Bxc4 Nh5 13. Be2 Nxg3 14. hxg3 h5
15. Nc4 Qf6 16. Rd2 Ne5 17. Ne3 Bd7 18. Rf1 Qe7 19. a3 Bc5 20. Nc4 Nxc4 21.
Bxc4 O-O-O 22. Ke2 h4 23. b4 Bb6 24. gxh4 Rxh4 25. Kd1 Bc7 26. g3 Rh5 27. Kc1
a5 28. Na2 axb4 29. axb4 Re5 30. Rfd1 f5 31. exf5 exf5 32. Qb2 f4 33. Qa3 Kb8
34. Nc3 fxg3 35. fxg3 Re3 36. Re2 Bf5 37. Rxd8+ Bxd8 38. Nd5 Rxa3 39. Nxe7 Bxe7
40. Rxe7 Rc3+ 0-1

[Event "Torneo Stage"]
[Site "Porto San Giorgio ITA"]
[Date "1996.08.??"]
[Round "?"]
[White "Cacco, Christian"]
[Black "Gueci, Riccardo"]
[Result "1-0"]
[WhiteElo "1687"]
[BlackElo "2190"]
[PlyCount "79"]
[EventDate "1996.08.28"]

1. d4 Nf6 2. Nf3 g6 3. c4 Bg7 4. Nc3 d6 5. e4 O-O 6. Be2 Nbd7 7. O-O e5 8. dxe5
dxe5 9. Qc2 c6 10. Rd1 Qe7 11. a3 a5 12. h3 Nc5 13. b3 Nh5 14. Rb1 f5 15. b4
Nxe4 16. Nxe4 fxe4 17. Ng5 Nf4 18. Nxe4 axb4 19. axb4 Bf5 20. Bg4 Ne6 21. Re1
Nd4 22. Qc3 Ra2 23. Rb2 Ra1 24. Bg5 Rxe1+ 25. Qxe1 Qe6 26. Nc5 Qxc4 27. Nxb7
Bxg4 28. hxg4 Ne6 29. Be7 Rb8 30. Na5 Qxg4 31. Nxc6 Re8 32. Bd6 Ng5 33. Qe2 Qe6
34. Rd2 e4 35. b5 Qb3 36. Bf4 Ne6 37. Be3 Ra8 38. b6 Ra1+ 39. Kh2 Qb1 40. Qc4
1-0

[Event "Torneo Stage"]
[Site "Porto San Giorgio ITA"]
[Date "1996.08.??"]
[Round "?"]
[White "De Bortoli, Peter"]
[Black "Borgo, Giulio"]
[Result "0-1"]
[WhiteElo "1831"]
[BlackElo "2400"]
[PlyCount "44"]
[EventDate "1996.08.28"]

1. e4 c5 2. Nf3 e6 3. d4 cxd4 4. Nxd4 Nc6 5. Be3 Qc7 6. Nc3 a6 7. Be2 Nf6 8.
O-O Bb4 9. f3 O-O 10. a3 Bxc3 11. bxc3 d5 12. Bg5 Rd8 13. Bxf6 gxf6 14. exd5
Rxd5 15. Bd3 Ne5 16. Be4 Rd8 17. f4 Qxc3 18. fxe5 Qe3+ 19. Kh1 Qxe4 20. Qh5
Qxe5 21. Qg4+ Qg5 22. Qe4 f5 0-1

[Event "Torneo Stage"]
[Site "Porto San Giorgio ITA"]
[Date "1996.08.??"]
[Round "?"]
[White "Dorighet, Claudio"]
[Black "Gueci, Riccardo"]
[Result "1/2-1/2"]
[WhiteElo "1969"]
[BlackElo "2190"]
[PlyCount "57"]
[EventDate "1996.08.28"]

1. c4 e5 2. Nc3 Nc6 3. g3 g6 4. Bg2 Bg7 5. e3 d6 6. Nge2 f5 7. d4 Nf6 8. b3 O-O
9. Bb2 Kh8 10. O-O Bd7 11. Nd5 e4 12. Nxf6 Bxf6 13. Qd2 Be8 14. f3 exf3 15.
Bxf3 Bd7 16. Nf4 Bg7 17. Rae1 Rb8 18. e4 fxe4 19. Bxe4 Ne7 20. Bd3 Nf5 21. Bxf5
Bxf5 22. Ne6 Bxe6 23. Rxe6 Rxf1+ 24. Kxf1 Qd7 25. d5 Rf8+ 26. Kg2 Qf7 27. Qe2
Bxb2 28. Qxb2+ Kg8 29. Qe2 1/2-1/2

[Event "Torneo Stage"]
[Site "Porto San Giorgio ITA"]
[Date "1996.08.??"]
[Round "?"]
[White "Dorighet, Claudio"]
[Black "Passerotti, Pierluigi"]
[Result "0-1"]
[WhiteElo "1969"]
[BlackElo "2290"]
[PlyCount "80"]
[EventDate "1996.08.28"]

1. c4 e6 2. Nc3 d5 3. d4 Nf6 4. Bg5 Be7 5. Nf3 O-O 6. Qc2 Nbd7 7. e3 c5 8. cxd5
exd5 9. Be2 b6 10. O-O Bb7 11. Rfd1 a6 12. Ne5 c4 13. a4 Ne8 14. Nxd7 Qxd7 15.
Bxe7 Qxe7 16. b3 Nd6 17. bxc4 dxc4 18. Rab1 b5 19. d5 Bc8 20. Qc1 Bf5 21. Rb2
Rab8 22. axb5 axb5 23. Na2 Rfc8 24. Nb4 Bd7 25. Qc2 Ne4 26. f3 Nc5 27. Qc1 Na4
28. Rb1 c3 29. Bd3 Nb2 30. Re1 Qxb4 31. Bc2 Qc5 32. Kh1 Qxd5 33. Be4 Qe5 34.
Qc2 f5 35. Bd3 b4 36. Bf1 b3 37. Qc1 Bb5 38. Bxb5 Qxb5 39. Rg1 Nd3 40. Qf1 c2
0-1

[Event "Torneo Stage"]
[Site "Porto San Giorgio ITA"]
[Date "1996.08.??"]
[Round "?"]
[White "Efimov, Igor"]
[Black "Cacco, Christian"]
[Result "1-0"]
[WhiteElo "2455"]
[BlackElo "1687"]
[PlyCount "55"]
[EventDate "1996.08.28"]

1. d4 Nf6 2. c4 e6 3. Nc3 d5 4. Nf3 c6 5. e3 Bd6 6. Bd3 Nbd7 7. O-O O-O 8. e4
e5 9. exd5 cxd5 10. cxd5 exd4 11. Nxd4 Ne5 12. Be2 Nfg4 13. h3 Qh4 14. Bf4 Nh6
15. Bg3 Qe7 16. Re1 Ng6 17. Bf3 Qd8 18. Bxd6 Qxd6 19. Ndb5 Qc5 20. Qd4 Qxd4 21.
Nxd4 Bf5 22. Red1 Rfd8 23. Ndb5 a6 24. Nc7 Rab8 25. d6 Bd7 26. g4 Nf4 27. Kh2
Ne6 28. Bd5 1-0

[Event "Torneo Stage"]
[Site "Porto San Giorgio ITA"]
[Date "1996.08.??"]
[Round "?"]
[White "Efimov, Igor"]
[Black "De Bortoli, Peter"]
[Result "1-0"]
[WhiteElo "2455"]
[BlackElo "1831"]
[PlyCount "53"]
[EventDate "1996.08.28"]

1. e4 e5 2. f4 Nc6 3. Nf3 f5 4. Bc4 fxe4 5. Nxe5 d5 6. Bb5 Nf6 7. Nxc6 bxc6 8.
Bxc6+ Bd7 9. Bxd7+ Qxd7 10. d4 Bd6 11. h3 O-O 12. Be3 c6 13. O-O Qf7 14. Nc3
Rab8 15. b3 Rbc8 16. Ne2 c5 17. c3 cxd4 18. Bxd4 Bc5 19. Bxc5 Rxc5 20. Qd4 Rfc8
21. Rad1 Qh5 22. Qe3 Qf7 23. Rd4 Qb7 24. Rfd1 Qb6 25. g4 Qb7 26. g5 Ne8 27. b4
1-0

[Event "Torneo Stage"]
[Site "Porto San Giorgio ITA"]
[Date "1996.08.??"]
[Round "?"]
[White "Efimov, Igor"]
[Black "Dorighet, Claudio"]
[Result "1-0"]
[WhiteElo "2455"]
[BlackElo "1969"]
[PlyCount "55"]
[EventDate "1996.08.28"]

1. d4 f5 2. c4 Nf6 3. g3 e6 4. Bg2 Be7 5. Nf3 O-O 6. O-O d5 7. b3 c6 8. a4 a5
9. Ba3 Bb4 10. Ne5 Nbd7 11. Nd3 Bxa3 12. Nxa3 Ne4 13. Qc1 Nd6 14. Qc3 Qe7 15.
f3 Re8 16. c5 Nf7 17. e4 fxe4 18. fxe4 dxe4 19. Bxe4 e5 20. Rae1 Kh8 21. Bg2
Nf8 22. Nxe5 Nxe5 23. Rxe5 Qd8 24. Rxe8 Qxe8 25. Nc4 Be6 26. Nxa5 Qd7 27. Nc4
Bxc4 28. Qxc4 1-0

[Event "Torneo Stage"]
[Site "Porto San Giorgio ITA"]
[Date "1996.08.??"]
[Round "?"]
[White "Gueci, Riccardo"]
[Black "De Bortoli, Peter"]
[Result "1/2-1/2"]
[WhiteElo "2190"]
[BlackElo "1831"]
[PlyCount "58"]
[EventDate "1996.08.28"]

1. e4 c5 2. Nf3 d6 3. b3 Nf6 4. Bb5+ Nbd7 5. Qe2 g6 6. Bb2 Bg7 7. O-O O-O 8.
Bxd7 Bxd7 9. d3 e5 10. Nc3 Bh6 11. Nd2 Bf4 12. g3 Bh6 13. f3 b5 14. Nd5 Nxd5
15. exd5 f5 16. Kh1 Qa5 17. Rf2 Rae8 18. Nf1 Bc8 19. c4 a6 20. Qc2 Bd7 21. Bc3
Qc7 22. Re1 b4 23. Bb2 a5 24. f4 exf4 25. Rxe8 Rxe8 26. gxf4 Qd8 27. d4 Re4 28.
dxc5 dxc5 29. Be5 Bg7 1/2-1/2

[Event "Torneo Stage"]
[Site "Porto San Giorgio ITA"]
[Date "1996.08.??"]
[Round "?"]
[White "Gueci, Riccardo"]
[Black "Punteri, Marco"]
[Result "1-0"]
[WhiteElo "2190"]
[BlackElo "1786"]
[PlyCount "75"]
[EventDate "1996.08.28"]

1. e4 g6 2. d4 Bg7 3. c3 d5 4. e5 c5 5. h3 Nc6 6. Nf3 cxd4 7. cxd4 Nh6 8. Bb5
O-O 9. Bf4 f6 10. Bxc6 bxc6 11. exf6 exf6 12. O-O Nf7 13. Nc3 Bf5 14. Na4 Nd6
15. Rc1 Rc8 16. g4 Be6 17. Nc5 Bf7 18. Qd3 Ne4 19. b3 Re8 20. Nd2 Nxc5 21. Rxc5
Bf8 22. Rcc1 Ba3 23. Rcd1 Bb4 24. Nb1 g5 25. Bg3 Bg6 26. Qa6 Qd7 27. a3 Bf8 28.
b4 h5 29. f3 h4 30. Bf2 Bd6 31. Rfe1 Qc7 32. Nd2 Bh2+ 33. Kg2 Bg3 34. Nf1 Bxf2
35. Kxf2 Kf8 36. b5 Qb6 37. Rxe8+ Bxe8 38. Qxc8 1-0

[Event "Torneo Stage"]
[Site "Porto San Giorgio ITA"]
[Date "1996.08.??"]
[Round "?"]
[White "Leoncini, Mario"]
[Black "Cacco, Christian"]
[Result "1-0"]
[WhiteElo "2195"]
[BlackElo "1687"]
[PlyCount "115"]
[EventDate "1996.08.28"]

1. e4 e5 2. Nf3 Nc6 3. Bb5 a6 4. Ba4 Nf6 5. O-O b5 6. Bb3 Be7 7. Re1 O-O 8. d4
d6 9. c3 Bg4 10. Be3 Kh8 11. h3 Bh5 12. Nbd2 Na5 13. Bc2 Nd7 14. g4 Bg6 15. b3
c5 16. d5 Qc7 17. Nf1 Rac8 18. Ng3 Rg8 19. Kg2 f6 20. Nh4 Bf7 21. Nhf5 Bf8 22.
h4 g6 23. Nh6 Bxh6 24. Bxh6 Nb7 25. Rh1 Nd8 26. Qf3 Be8 27. Qe2 Nf7 28. Be3 Kg7
29. h5 g5 30. Nf5+ Kf8 31. a4 Nb6 32. axb5 axb5 33. Ra6 Bd7 34. Rha1 Nd8 35.
Ra7 Qb8 36. Qf3 Ke8 37. R1a6 Rf8 38. Ng7+ Kf7 39. h6 Rc7 40. Rxc7 Qxc7 41. Bxg5
Bc8 42. Ra1 Kg6 43. Be3 Qd7 44. Nf5 Rg8 45. Qh3 Kf7 46. f3 Qc7 47. Qh5+ Kf8 48.
Ng7 Nf7 49. Qh4 Qe7 50. Nh5 Rg6 51. Ng3 Ke8 52. Kf2 Kd8 53. Bd3 Ng5 54. Bxb5
Qf8 55. Ra7 Rxh6 56. Nh5 Rg6 57. Qh1 Qg8 58. Bxg5 1-0

[Event "Torneo Stage"]
[Site "Porto San Giorgio ITA"]
[Date "1996.08.??"]
[Round "?"]
[White "Leoncini, Mario"]
[Black "Dorighet, Claudio"]
[Result "0-1"]
[WhiteElo "2195"]
[BlackElo "1969"]
[PlyCount "56"]
[EventDate "1996.08.28"]

1. e4 c5 2. c3 b6 3. d4 Bb7 4. d5 Nf6 5. Bd3 e6 6. c4 exd5 7. exd5 b5 8. Nf3
Be7 9. Nc3 bxc4 10. Bxc4 d6 11. O-O O-O 12. Qb3 Qc8 13. Re1 Re8 14. Bf4 Nbd7
15. Nb5 Nb6 16. Nxa7 Qd8 17. Nc6 Bxc6 18. dxc6 Nxc4 19. Qxc4 Qb6 20. c7 Qxc7
21. b4 Ra4 22. a3 Qb7 23. Bg5 Qa8 24. Qb5 cxb4 25. Bxf6 Rb8 26. Qd7 Bxf6 27.
Rac1 bxa3 28. Rc7 Rf8 0-1

[Event "Torneo Stage"]
[Site "Porto San Giorgio ITA"]
[Date "1996.08.??"]
[Round "?"]
[White "Leoncini, Mario"]
[Black "Punteri, Marco"]
[Result "1/2-1/2"]
[WhiteElo "2195"]
[BlackElo "1786"]
[PlyCount "43"]
[EventDate "1996.08.28"]

1. e4 g6 2. d4 Bg7 3. Nf3 c5 4. c3 cxd4 5. cxd4 d5 6. exd5 Qxd5 7. Nc3 Qd8 8.
Bc4 Nh6 9. O-O O-O 10. Qe2 Bg4 11. h3 Bxf3 12. Qxf3 Nc6 13. d5 Ne5 14. Qe2 Nxc4
15. Qxc4 Rc8 16. Qb3 Qd7 17. Be3 b6 18. Rad1 Nf5 19. Rfe1 Nxe3 20. Rxe3 Rfd8
21. Rde1 Bxc3 22. Rxc3 1/2-1/2

[Event "Torneo Stage"]
[Site "Porto San Giorgio ITA"]
[Date "1996.08.??"]
[Round "?"]
[White "Lochte, Thomas"]
[Black "Efimov, Igor"]
[Result "0-1"]
[WhiteElo "2220"]
[BlackElo "2455"]
[PlyCount "48"]
[EventDate "1996.08.28"]

1. e4 c5 2. Nf3 Nc6 3. d4 cxd4 4. c3 dxc3 5. Nxc3 d6 6. Bc4 e6 7. Qe2 a6 8. O-O
Nge7 9. Bf4 Ng6 10. Bg3 Nge5 11. Bb3 Qf6 12. Nxe5 dxe5 13. Ba4 Bd7 14. Rfd1 Bc5
15. Rxd7 Kxd7 16. Qc4 Bd4 17. Bxc6+ bxc6 18. Rd1 Rhd8 19. Ne2 Ke8 20. Nxd4 Rac8
21. Qxa6 exd4 22. e5 Qf5 23. a4 Qc2 24. Qd3 Qxd3 0-1

[Event "Torneo Stage"]
[Site "Porto San Giorgio ITA"]
[Date "1996.08.??"]
[Round "?"]
[White "Passerotti, Pierluigi"]
[Black "Cacco, Christian"]
[Result "1-0"]
[WhiteElo "2290"]
[BlackElo "1687"]
[PlyCount "85"]
[EventDate "1996.08.28"]

1. d4 Nf6 2. Nf3 g6 3. c4 Bg7 4. Nc3 d6 5. e4 O-O 6. Be2 Nbd7 7. O-O e5 8. Qc2
c6 9. Rd1 Qc7 10. Rb1 Re8 11. b4 a5 12. a3 Nf8 13. d5 Bd7 14. Qb3 Rec8 15. Bd2
axb4 16. axb4 cxd5 17. cxd5 Nxe4 18. Nxe4 Ba4 19. Qe3 Bxd1 20. Bxd1 f5 21. Nc3
e4 22. Nd4 Qb6 23. Nce2 Rc4 24. Nxf5 Qxe3 25. Nxe3 Rc7 26. Ng3 Ra2 27. Be1 Nd7
28. Nxe4 Ne5 29. Bb3 Ra6 30. Kf1 Nd3 31. Bc4 Ra3 32. Nxd6 Ne5 33. Bb3 Rd7 34.
Ne8 Bh8 35. d6+ Kf8 36. Nc7 Rxd6 37. Nb5 Rxb3 38. Rxb3 Rb6 39. Nc7 Nd7 40. Ncd5
Rc6 41. Bc3 Bxc3 42. Rxc3 Ra6 43. Rc7 1-0

[Event "Torneo Stage"]
[Site "Porto San Giorgio ITA"]
[Date "1996.08.??"]
[Round "?"]
[White "Passerotti, Pierluigi"]
[Black "De Bortoli, Peter"]
[Result "1-0"]
[WhiteElo "2290"]
[BlackElo "1831"]
[PlyCount "115"]
[EventDate "1996.08.28"]

1. Nf3 Nf6 2. c4 c6 3. d4 d5 4. Nc3 e6 5. e3 Bd6 6. Bd3 Nbd7 7. O-O Qe7 8. e4
dxe4 9. Nxe4 Nxe4 10. Bxe4 Nf6 11. Bc2 Bd7 12. Re1 O-O-O 13. a3 Bc7 14. b4 h6
15. Qe2 g5 16. Ne5 Rdg8 17. Nxd7 Nxd7 18. Bb2 Re8 19. g3 Qf6 20. Be4 e5 21. d5
cxd5 22. Bxd5 Nb6 23. Bg2 Na4 24. Qe4 Qa6 25. Bc1 Rhf8 26. b5 Qd6 27. Qxb7+ Kd8
28. Be3 Nc5 29. Bxc5 Qxc5 30. Bc6 Re6 31. Rad1+ Rd6 32. Rxd6+ Qxd6 33. Qxa7 Bb8
34. Qe3 f5 35. Qc1 Ba7 36. Rd1 Bd4 37. c5 Qf6 38. Qc4 Ke7 39. Re1 Rd8 40. Bd5
Kf8 41. b6 f4 42. g4 h5 43. Bf3 hxg4 44. Bxg4 f3 45. Qc2 Qf4 46. Qf5+ Qxf5 47.
Bxf5 Bxc5 48. b7 Kf7 49. h3 Ba7 50. Rb1 Bb8 51. Be4 Rd4 52. Bxf3 Rd3 53. Be4
Rxh3 54. Rc1 Rh8 55. Rc8 Rf8 56. a4 Ke7 57. Rxb8 Rxb8 58. a5 1-0

[Event "Torneo Stage"]
[Site "Porto San Giorgio ITA"]
[Date "1996.08.??"]
[Round "?"]
[White "Passerotti, Pierluigi"]
[Black "Lochte, Thomas"]
[Result "1-0"]
[WhiteElo "2290"]
[BlackElo "2220"]
[PlyCount "101"]
[EventDate "1996.08.28"]

1. d4 Nf6 2. c4 e5 3. dxe5 Ne4 4. Nf3 d6 5. Nbd2 Nc5 6. b4 Ncd7 7. exd6 Bxd6 8.
c5 Be7 9. Bb2 Nc6 10. b5 Nb4 11. a3 Nd5 12. Bxg7 Rg8 13. Bd4 Bxc5 14. Qc2 Bxd4
15. Nxd4 Qf6 16. Qe4+ Ne7 17. e3 Nc5 18. Qc2 b6 19. Be2 Bb7 20. Bf3 Rxg2 21.
Bxg2 Bxg2 22. Rg1 Bd5 23. Rc1 O-O-O 24. N2b3 Bxb3 25. Nxb3 Nd3+ 26. Kf1 Nxc1
27. Qxc1 Qh4 28. Nd4 Qxh2 29. Qc2 Qd6 30. Qe4 Kb8 31. Rg7 Qxa3 32. Qxe7 Qxe7
33. Nc6+ Kc8 34. Nxe7+ Kd7 35. Nc6 Rf8 36. Rxh7 a6 37. Nd4 axb5 38. Nxb5 c6 39.
Nc3 b5 40. Ke2 Ke6 41. Rh6+ f6 42. Kd3 Rd8+ 43. Kc2 Kf5 44. Rh4 Ra8 45. Rf4+
Ke5 46. Re4+ Kf5 47. Rf4+ Ke5 48. Kb3 Rd8 49. Re4+ Kf5 50. Rf4+ Ke5 51. Kc2 1-0

[Event "Torneo Stage"]
[Site "Porto San Giorgio ITA"]
[Date "1996.08.??"]
[Round "?"]
[White "Punteri, Marco"]
[Black "Efimov, Igor"]
[Result "0-1"]
[WhiteElo "1786"]
[BlackElo "2455"]
[PlyCount "66"]
[EventDate "1996.08.28"]

1. d4 Nf6 2. c4 c5 3. d5 b5 4. cxb5 a6 5. Nc3 axb5 6. e4 b4 7. Nb5 d6 8. Bf4 g5
9. Be3 Nxe4 10. Bd3 Nf6 11. Bxg5 Bg7 12. Qe2 Bb7 13. Nh3 Kf8 14. Nf4 Nbd7 15.
O-O Ne5 16. Bc2 Ng6 17. Nxg6+ hxg6 18. f4 Bxd5 19. f5 gxf5 20. Rxf5 Be6 21.
Rff1 Kg8 22. a4 bxa3 23. Rxa3 Rxa3 24. bxa3 Qd7 25. a4 Ng4 26. Qf3 Be5 27. Bf4
Nxh2 28. Qg3+ Bg7 29. Rb1 Ng4 30. a5 f5 31. a6 Bc4 32. a7 Kf7 33. Bxd6 Qxb5 0-1

[Event "Torneo Stage"]
[Site "Porto San Giorgio ITA"]
[Date "1996.08.??"]
[Round "?"]
[White "Punteri, Marco"]
[Black "Passerotti, Pierluigi"]
[Result "0-1"]
[WhiteElo "1786"]
[BlackElo "2290"]
[PlyCount "90"]
[EventDate "1996.08.28"]

1. d4 d5 2. c4 e6 3. Nc3 Nf6 4. cxd5 exd5 5. Bg5 c6 6. Qc2 g6 7. O-O-O Be7 8.
f3 Bf5 9. Qb3 Qb6 10. Qxb6 axb6 11. e4 Nxe4 12. Nxe4 dxe4 13. Bxe7 Kxe7 14.
fxe4 Bxe4 15. Re1 f5 16. Bd3 Rxa2 17. Bxe4 fxe4 18. Rxe4+ Kd8 19. Kb1 Ra5 20.
Nf3 Re8 21. Ne5 Rd5 22. Rhe1 Kc7 23. Rf1 Re7 24. Rf7 Rxf7 25. Nxf7 c5 26. dxc5
bxc5 27. Re7+ Rd7 28. Rxd7+ Nxd7 29. g4 b5 30. Ng5 h5 31. gxh5 gxh5 32. Ne6+
Kd6 33. Nf4 Nf6 34. Kc2 Ke5 35. Nd3+ Kd4 36. Nf4 c4 37. Ne2+ Ke3 38. Ng3 b4 39.
Kc1 Kd3 40. Nf5 Nd5 41. Ng3 Nf4 42. Nf5 b3 43. Ng3 h4 44. Nf5 h3 45. Kd1 c3 0-1

[Event "XVI Festival Conca della Presolana A"]
[Site "Bratto - Castione della Presolana ITA"]
[Date "1996.08.22"]
[Round "1"]
[White "Ansner, Bjorn"]
[Black "Badea, Bela"]
[Result "0-1"]
[WhiteElo "2110"]
[BlackElo "2525"]
[PlyCount "122"]
[EventDate "1996.08.22"]

1. d4 Nf6 2. c4 g6 3. Nc3 Bg7 4. e4 d6 5. f4 O-O 6. Nf3 Na6 7. Bd3 Bg4 8. O-O
Nd7 9. Be3 e5 10. fxe5 c5 11. d5 Nxe5 12. Be2 Nxf3+ 13. Bxf3 Bd7 14. Qd2 Nc7
15. Bf4 Qe7 16. Rae1 Be5 17. a4 a6 18. Be2 Rab8 19. Bxe5 Qxe5 20. Qf4 Qxf4 21.
Rxf4 f6 22. Ra1 Kg7 23. Rff1 Rfe8 24. Rfb1 a5 25. Bd3 Na6 26. Rf1 Nb4 27. Rad1
Kf7 28. b3 Re5 29. Bb1 Ke7 30. Rd2 Rf8 31. Rdf2 Bc8 32. Nb5 Na6 33. Nc3 Nb8 34.
Bc2 Nd7 35. Nb1 Kf7 36. Nd2 Kg7 37. Nf3 Ree8 38. h3 Re7 39. Kh2 Rff7 40. Kg3
Nf8 41. Kh2 h6 42. g3 g5 43. Nd2 Ng6 44. Bd1 Rf8 45. Kg2 Ne5 46. Bh5 Nd3 47.
Rf3 Nb4 48. R3f2 Nc2 49. Rc1 Nd4 50. Bg4 f5 51. exf5 Nxf5 52. Bxf5 Rxf5 53. g4
Rfe5 54. Rcf1 Bd7 55. Rf6 Re2+ 56. R6f2 h5 57. gxh5 R7e3 58. Rxe2 Rxe2+ 59. Rf2
Bxh3+ 60. Kg3 Rxf2 61. Kxf2 Bf5 0-1